Calculus with applications and computing
保存先:
| 主要な著者: | , , |
|---|---|
| フォーマット: | 図書 |
| 言語: | 英語 |
| 出版事項: |
Nueva York
Springer-Verlag
1976
|
| シリーズ: | Undergraduate Texts in Mathematics
|
| 主題: | |
| タグ: |
タグ追加
タグなし, このレコードへの初めてのタグを付けませんか!
|
MARC
| LEADER | 00000nam a2200000 a 4500 | ||
|---|---|---|---|
| 001 | UCP1413 | ||
| 003 | CL-VaPUC | ||
| 008 | 990409e19760000US |||||||||||||||||eng|d | ||
| 082 | 0 | 4 | |a 515 |b LAX |2 21 |
| 100 | |a Lax, Peter D |e author |9 566205 | ||
| 700 | 0 | |a Burstein, Samuel |e author |9 427452 | |
| 700 | 0 | |a Lax, Anneli |e author |9 427453 | |
| 245 | 1 | 0 | |a Calculus with applications and computing |
| 300 | |a v | ||
| 942 | |c BK | ||
| 945 | |d 19990409 00:00:00 |a crobeson | ||
| 260 | |a Nueva York |b Springer-Verlag |c 1976 | ||
| 650 | 0 | |a Cálculo |9 260234 | |
| 650 | 0 | |a Números reales |9 270334 | |
| 650 | 0 | |a Funciones |9 263869 | |
| 650 | 0 | |a Diferenciación |9 373490 | |
| 650 | 0 | |a Integrales |9 260233 | |
| 650 | 0 | |a Funciones trigonométricas |9 421678 | |
| 650 | 0 | |a Análisis numérico |9 259387 | |
| 583 | |a last modification |c 19990409 00:00:00 |k Rodrigo Vera | ||
| 490 | 0 | |a Undergraduate Texts in Mathematics | |
| 999 | |c 280091 |d 280089 | ||
| 952 | |0 0 |1 0 |4 0 |6 515_000000000000000_LAX_1976 |7 0 |8 A |9 320096 |a BIBMAT |b BIBMAT |d 2019-11-20 |h v.1 |i 1340670 |o 515 LAX 1976 |p 1340670 |r 2025-01-07 |w 2019-11-20 |y BK |k MAT | ||